Second nature (Record no. 273272)
[ view plain ]
| 000 -LEADER | |
|---|---|
| fixed length control field | 02712nim a2200529Ma 4500 |
| 001 - CONTROL NUMBER | |
| control field | ocn489193838 |
| 003 - CONTROL NUMBER IDENTIFIER | |
| control field | OCoLC |
| 005 - DATE AND TIME OF LATEST TRANSACTION | |
| control field | 20200320184410.0 |
| 006 - FIXED-LENGTH DATA ELEMENTS--ADDITIONAL MATERIAL CHARACTERISTICS--GENERAL INFORMATION | |
| fixed length control field | m e h |
| 007 - PHYSICAL DESCRIPTION FIXED FIELD--GENERAL INFORMATION | |
| fixed length control field | cz nza |
| 007 - PHYSICAL DESCRIPTION FIXED FIELD--GENERAL INFORMATION | |
| fixed length control field | sz zunznnnzneu |
| 008 - FIXED-LENGTH DATA ELEMENTS--GENERAL INFORMATION | |
| fixed length control field | 100225r20102009ohunnnnes z n eng d |
| 020 ## - INTERNATIONAL STANDARD BOOK NUMBER | |
| International Standard Book Number | 9781441855985 |
| 020 ## - INTERNATIONAL STANDARD BOOK NUMBER | |
| International Standard Book Number | 144185598X |
| 020 ## - INTERNATIONAL STANDARD BOOK NUMBER | |
| Terms of availability | 69.99 |
| 028 01 - PUBLISHER NUMBER | |
| Publisher number | 11722 |
| Source | Playaway Digital Audio |
| 035 ## - SYSTEM CONTROL NUMBER | |
| System control number | (OCoLC)489193838 |
| 040 ## - CATALOGING SOURCE | |
| Original cataloging agency | PLAYA |
| Transcribing agency | PLAYA |
| Modifying agency | WACOL |
| 049 ## - LOCAL HOLDINGS (OCLC) | |
| Holding library | WACL |
| 050 14 - LIBRARY OF CONGRESS CALL NUMBER | |
| Classification number | SB455 |
| Item number | .P58 2010d |
| 082 04 - DEWEY DECIMAL CLASSIFICATION NUMBER | |
| Classification number | 635.9 |
| Edition number | 22 |
| 092 ## - LOCALLY ASSIGNED DEWEY CALL NUMBER (OCLC) | |
| Classification number | PAD 635.9 |
| Item number | Pol |
| 100 1# - MAIN ENTRY--PERSONAL NAME | |
| Personal name | Pollan, Michael. |
| 9 (RLIN) | 25690 |
| 245 10 - TITLE STATEMENT | |
| Title | Second nature |
| Medium | [electronic resource] : |
| Remainder of title | a gardener's education / |
| Statement of responsibility, etc | Michael Pollan. |
| 250 ## - EDITION STATEMENT | |
| Edition statement | Unabridged. |
| 260 ## - PUBLICATION, DISTRIBUTION, ETC. (IMPRINT) | |
| Place of publication, distribution, etc | [Solon, Ohio] : |
| Name of publisher, distributor, etc | Playaway Digital Audio : |
| -- | [Manufactured and distributed by] Findaway World, LLC, |
| Date of publication, distribution, etc | [2010], p2009. |
| 300 ## - PHYSICAL DESCRIPTION | |
| Extent | 1 sound media player (ca. 9 hr.) : |
| Other physical details | digital ; |
| Dimensions | 3 3/8 x 2 1/8 in. |
| 500 ## - GENERAL NOTE | |
| General note | One set of earphones and one AAA battery required for playback. |
| 500 ## - GENERAL NOTE | |
| General note | Title from Playaway label. |
| 511 0# - PARTICIPANT OR PERFORMER NOTE | |
| Participant or performer note | Performed by the author. |
| 500 ## - GENERAL NOTE | |
| General note | Release date supplied by publisher. |
| 500 ## - GENERAL NOTE | |
| General note | Previously released by Brilliance Audio, p2009. |
| 500 ## - GENERAL NOTE | |
| General note | Issued on Playaway, a dedicated audio media player. |
| 500 ## - GENERAL NOTE | |
| General note | In container (21 x 13 x 3 cm.). |
| 520 ## - SUMMARY, ETC. | |
| Summary, etc | In his articles and in bestselling books such as The Botany of Desire, Michael Pollan has established himself as one of our most important and beloved writers on modern man's place in the natural world. A new literary classic, Second Nature has become a manifesto not just for gardeners but for environmentalists everywhere. Chosen by the American Horticultural Society as one of the seventy-five greatest books ever written about gardening, Second Nature captures the rhythms of our everyday engagement with the outdoors in all its glory and exasperation. With chapters ranging from a reconsideration of the Great American Lawn, a dispatch from one man's war with a woodchuck, to an essay about the sexual politics of roses, Pollan has created a passionate and eloquent argument for reconceiving our relationship with nature. |
| 650 #0 - SUBJECT ADDED ENTRY--TOPICAL TERM | |
| Topical term or geographic name as entry element | Gardening. |
| 9 (RLIN) | 5858933 |
| 650 #0 - SUBJECT ADDED ENTRY--TOPICAL TERM | |
| Topical term or geographic name as entry element | Gardening |
| General subdivision | Philosophy. |
| 9 (RLIN) | 5715210 |
| 655 #0 - INDEX TERM--GENRE/FORM | |
| Genre/form data or focus term | Audiobooks. |
| 9 (RLIN) | 5858934 |
| 710 2# - ADDED ENTRY--CORPORATE NAME | |
| Corporate name or jurisdiction name as entry element | Brilliance Audio (Firm) |
| 9 (RLIN) | 67580 |
| 710 2# - ADDED ENTRY--CORPORATE NAME | |
| Corporate name or jurisdiction name as entry element | Playaway Digital Audio. |
| 9 (RLIN) | 5674725 |
| 710 2# - ADDED ENTRY--CORPORATE NAME | |
| Corporate name or jurisdiction name as entry element | Findaway World, LLC. |
| 9 (RLIN) | 5674726 |
| 938 ## - | |
| -- | Findaway World |
| -- | PLAY |
| -- | fax00014420 |
| -- | $69.99 |
| 942 ## - ADDED ENTRY ELEMENTS (KOHA) | |
| Koha item type | CD |
| 948 ## - LOCAL PROCESSING INFORMATION (OCLC); SERIES PART DESIGNATOR (RLIN) | |
| Series part designator, SPT (RLIN) | 07/28/2010 |
| z (OCLC) | Sirsi |
| 994 ## - | |
| -- | 02 |
| -- | WACOL |
| 996 ## - | |
| -- | 78791 |
| -- | 34301000957490 |
| -- | PAD |
| -- | CD |
| -- | wcl |
| -- | i |
| -- | 5 |
| -- | 69.99 |
| -- | Findaway World |
| -- | 635.9 Pol |
| -- | 07/28/2010 |
| -- | 04/20/2015 |
| -- | 03/28/2015 |
| Withdrawn status | Lost status | Source of classification or shelving scheme | Damaged status | Not for loan | Collection code | Home library | Current library | Shelving location | Date acquired | Cost, normal purchase price | Total Checkouts | Full call number | Barcode | Date last seen | Date checked out | Cost, replacement price | Price effective from | Koha item type |
|---|---|---|---|---|---|---|---|---|---|---|---|---|---|---|---|---|---|---|
| Dewey Decimal Classification | Playaway | Wasatch County Library | Wasatch County Library | Audio Visual Area | 07/28/2010 | 69.99 | 5 | 635.9 Pol | 34301000957490 | 03/01/2024 | 03/28/2015 | 69.99 | 03/20/2020 | Playaway Pre-Loaded Audiobook Player |
